000 nam a22 7a 4500
999 _c10808
_d10808
008 180223b ||||| |||| 00| 0 eng d
100 _aJain, D P
_96647
245 _aStatistics for Economics
260 _aNew Delhi